00476nam a2200193 a 4500001001300000003000900013005001700022008004100039020001000080082001300090100002000103245002600123260003300149300000800182500003500190505001900225650001800244700002000262nice12345678IN_TiNIC20260116011859.0050524s1938 beia grp 000 0 ara  ac10000a244bLEV aLevonian, Lotfi aMaa Hiya Al-Hurriyatu aBeirutbAmerican Pressc1938 a22p aincludes index and biblioraphy2 aReserve copies aBible Stories1 aLevonian, Lotfi